Statistics for John in Different Languages

Click here to take the quiz!

General Stats

  • This quiz has been taken 128 times
  • The average score is 14 of 30

Answer Stats

VersionAnswer% Correct
EnglishJohn
85%
SpanishJuan
80%
FrenchJean
66%
SwedishJohan
64%
DanishJohan
64%
NorwegianJohan
64%
GermanJohann
64%
CzechJán
62%
SlovakJán
62%
DutchJan
62%
PolishJan
62%
RussianIvan
51%
UkrainianIvan
51%
BulgarianIvan
51%
ScotsIan
49%
ItalianGiovanni
48%
SwedishJohannes
44%
GermanJohannes
44%
DanishJohannes
44%
PortugueseJoão
43%
English (Nickname)Jack
31%
German (Nickname)Hans
29%
IrishSeán
28%
RomanianIoan
27%
GreekIoannis
22%
WelshEvan
13%
HungarianJános
11%
ArabicYaḥyā
11%
IrishEoin
10%
HebrewYochanan
10%

Score Distribution

Percentile by Number Answered

Percent of People with Each Score

Your Score History

You have not taken this quiz